000 00623nam a2200181Ia 4500
008 240925s9999 xx 000 0 und d
020 _a8120312201
082 _a004.165 BRE
100 _aBrey ,Barry B.
245 4 _aThe Intel Microprocessors: 8086/8088,80186/80188,80286,80386,80486,pentium and pentium pro proprocessor architecture,programming and ,interfacing
250 _a4th
260 _aNew Delhi:
_bPearson Printice Hall
_c,1998.
300 _axvi,526p.
_bNA
_fOriginal
500 _aIncludes Index
600 _aEngineering Technology
650 _aComputer science, information & general works
942 _cBK
999 _c6156
_d6156